Football plus gros transferts 2025/26 - Statistiques

Statistiques générales
  • Ce quiz a été pris 184 fois
  • Le résultat moyen est 10 sur 15
Statistiques - réponses
Hint Réponse % Correct
Liverpool Isak
96%
Liverpool Wirtz
95%
Liverpool Ekitike
90%
Arsenal Gyokeres
79%
Man United Mbeumo
76%
Man United Sesko
73%
Galatasaray Osimhen
71%
Man United Cunha
70%
Newcastle Woltemade
69%
Bayern Munich Diaz
68%
Arsenal Zubimendi
58%
Tottenham Simons
48%
Arsenal Eze
46%
Tottenham Kudus
41%
Al qadsiah Retegui
31%
Aucun quiz correspondant
Distribution des résultats
% des personnes avec chaque résultat
Percentile par nombre de réponses
Votre historique - résultats
Vous n’avez pas pris ce quiz